000 00694nam a2200289Ia 4500
005 20260324145246.0
008 008 260324s9999 xx 000 0 eng d
020 _a9781315717999
037 _aEBOOK
040 _aCRL
040 _beng
040 _cCRL
041 _2eng
041 _aeng
084 _qCRL
100 _aDavid Pilgrim
_91160597
245 0 _aPsychology and Psychotherapy (Psychology Revivals)
245 0 _bCurrent Trends and Issues
260 _bTaylor and Francis
260 _c1983
365 _a
365 _b220
856 _uhttp://www.taylorfrancis.com/books/9781315717999
942 _cEBOOK
999 _c1829977
_d1829977